Transational Corporations' Impact on Host Economies

Charakteristika TNK. Odhad významu toku PZI a exportu a importu na produktivitu práce a nezamestnanosť ekonomiky. Vonkajšie a vnútorné faktory vplyvu TNK. Panelové regresné modely.

Uložené v:
Podrobná bibliografia
Hlavný autor: Darmo, Ľubomír, 1984-
Ďalší autori: Brinčíková, Zuzana, 1979-
Médium: Kapitola
Jazyk:English
Predmet:
Tagy: Pridať tag
Žiadne tagy, Buďte prvý, kto otaguje tento záznam!

MARC

LEADER 00000naa$a2200000$$$4500
001 0193342
005 20240502083448.9
041 0 |a eng 
044 |a BG 
245 1 0 |a Transational Corporations' Impact on Host Economies  |c Ľubomír Darmo, Zuzana Brinčíková 
520 |a Charakteristika TNK. Odhad významu toku PZI a exportu a importu na produktivitu práce a nezamestnanosť ekonomiky. Vonkajšie a vnútorné faktory vplyvu TNK. Panelové regresné modely. 
610 2 0 |a modely regresné 
610 2 0 |a investície priame zahraničné 
610 2 0 |a korporácie transnacionálne 
610 2 0 |a obchod medzinárodný 
610 2 0 |a analýzy 
610 2 0 |a produktivita práce 
610 2 0 |a nezamestnanosť 
100 1 |a Darmo, Ľubomír, 1984- 
700 1 |a Brinčíková, Zuzana, 1979-